| Tag |
First Indicator |
Second Indicator |
Subfields |
| LEADER |
00000cam a2200000 a 4500 |
| 001 |
in00000070098 |
| 005 |
20151008061604.0 |
| 008 |
800604s1979 enka b 10000 eng |
| 010 |
|
|
|a 79040962
|
| 015 |
|
|
|a GB***
|
| 020 |
|
|
|a 0080244270 :
|c 22.50
|
| 035 |
|
|
|a (OCoLC)05839641
|
| 035 |
|
|
|9 AAJ8387AM
|
| 040 |
|
|
|a DLC
|c DLC
|d m.c.
|d TXA
|d UtOrBLW
|
| 049 |
|
|
|a TXAM
|c [1502929]
|
| 050 |
0 |
0 |
|a QH442
|b .R375 1979
|
| 082 |
0 |
|
|a 575.1
|
| 245 |
0 |
0 |
|a Recombinant DNA and genetic experimentation :
|b proceedings of a conference on recombinant DNA /
|c jointly organised by the Committee on Genetic Experimentation (COGENE) and the Royal Society of London, held at Wye College, Kent, UK, 1-4, April 1979 ; editors, Joan Morgan and W.J. Whelan.
|
| 250 |
|
|
|a 1st ed.
|
| 264 |
|
1 |
|a Oxford ;
|a New York :
|b Published for COGENE by Pergamon Press,
|c 1979.
|
| 300 |
|
|
|a xxiv, 309 pages :
|b illustrations ;
|c 26 cm.
|
| 336 |
|
|
|a text
|b txt
|2 rdacontent
|
| 337 |
|
|
|a unmediated
|b n
|2 rdamedia
|
| 338 |
|
|
|a volume
|b nc
|2 rdacarrier
|
| 504 |
|
|
|a Includes bibliographies.
|
| 650 |
|
0 |
|a Recombinant DNA
|x Research
|x Congresses.
|
| 650 |
|
0 |
|a Genetic engineering
|v Congresses.
|
| 700 |
1 |
|
|a Morgan, Joan.
|
| 700 |
1 |
|
|a Whelan, W. J.
|q (William Joseph)
|
| 710 |
2 |
|
|a Committee on Genetic Experimentation.
|
| 710 |
2 |
|
|a Royal Society (Great Britain)
|
| 999 |
|
|
|a MARS
|
| 999 |
f |
f |
|s 5aa27fe4-7416-3769-a12b-11ebc440fcf1
|i b7d59ef2-a463-342b-8723-1b4561c76f2e
|t 0
|
| 952 |
f |
f |
|p ric
|a Texas A&M University
|b Rellis Campus
|c Joint Library Facility
|d Remote Storage
|t 0
|e QH442 .R375 1979
|h Library of Congress classification
|i unmediated -- volume
|m A14806216999
|
| 998 |
f |
f |
|a QH442 .R375 1979
|t 0
|l Remote Storage
|